Normal view
MARC view
Entry Uniform Title
001 - CONTROL NUMBER
- control field: 26002
003 - CONTROL NUMBER IDENTIFIER
- control field:
005 - DATE AND TIME OF LATEST TRANSACTION
- control field: 20251017073153.0
008 - FIXED-LENGTH DATA ELEMENTS
- fixed length control field: 251017|| aca||aabn | a|a d
040 ## - CATALOGING SOURCE
- Original cataloging agency:
- Transcribing agency:
130 ## - HEADING--UNIFORM TITLE
- Uniform title: Christian Education
670 ## - SOURCE DATA FOUND
- Source citation: Work cat.: ()13382: Groome, Thomas H. 26001, Christian religious education :, 1980.